000 00601njm a2200181 i 4500
001 C2-0303433
003 PPAK
005 20180729152503.0
008 100324s1995 my |||| ||||| | may d
040 _aPPAK
_beng
_cPPAK
_erda
245 0 0 _aTemubual dengan Encik Ahmad Ariffin oleh Tuan Ismail Salleh mengenai Dr. Mahathir Mohammad
264 1 _aAlor Setar, Kedah :
_bPerbadanan Perpustakaan Awam Kedah ,
_c1995
336 _2rdacontent
_atext
337 _2rdamedia
_aunmediated
338 _2rdacarrier
_avolume
500 _aDirakam pada 18 Oktober 1995. Pita Kaset, PK 303/95
942 _ddc
_cB
999 _c163808
_d163808